00657cam a2200229 a 450000100100000000500170001000800410002702000150006804000290008308200260011210000320013824000100017024500540018025000110023426000370024530000250028249000210030750000260032865000190035465000330037383000210040600000788220240306164224.0090911s1981 sp 000 j eng d a8432203556 aDO-SdBNPbspacLCdBNPHU aPe863.44bV297j, 19811 aVargas Llosa, Mario,d1936-10aJefes14aLos jefes :blos cachorros /cMario Vargas Llosa. a4a ed. aBarcelona :bSeix Barral,c1981. axi, 151 p. ;c20 cm.1 aBiblioteca Breve aEdición definitiva. 4aNovela peruana 4aLiteratura peruanaySIGLO XX 0aBiblioteca Breve